The Big Lebowski Cast - Statistics

General Stats
  • This quiz has been taken 12 times
  • The average score is 6 of 9
Answer Stats
Character Actor % Correct
Walter Sobchak John Goodman
100%
The Dude Jeff Bridges
90%
Maude Lebowski Julianne Moore
80%
Donnie Kerabatsos Steve Buscemi
80%
Jesus John Turturro
70%
Brandt Philip Seymour Hoffman
60%
The Stranger Sam Elliott
60%
Bunny Lebowski Tara Reid
60%
Knox Harrington David Thewlis
40%
No matching quizzes found
Score Distribution
Percent of People with Each Score
Percentile by Number Answered
Your Score History
You have not taken this quiz